Statistics for French Words #1

Click here to take the quiz!

General Stats

  • This quiz has been taken 48 times
  • The average score is 17 of 24

Answer Stats

FrenchEnglish% Correct
JourDay
100%
FuturFuture
95%
EauWater
95%
AvecWith
95%
PapierPaper
93%
MerSea
93%
LivreBook
88%
LumièreLight
85%
CrayonPencil
85%
SacBag
80%
SaisonSeason
80%
OrdinateurComputer
78%
RivièreRiver
75%
MarcherWalk
75%
BouteilleBottle
73%
SelSalt
70%
PrendreTake
70%
VentWind
65%
RouteRoad
53%
LoupWolf
53%
SuivreFollow
50%
JeuGame
50%
DétruireDestroy
33%
CoussinPillow
18%

Score Distribution

Percentile by Number Answered

Percent of People with Each Score

Your Score History

You have not taken this quiz